| 000 | 00562nam a22001817a 4500 | ||
|---|---|---|---|
| 005 | 20251127131717.0 | ||
| 008 | 251124b |||||||| |||| 00| 0 eng d | ||
| 020 | _a978-81-19613-65-6 | ||
| 041 | _aeng | ||
| 082 | _a615.3 KUM-M | ||
| 100 |
_aKUMAR, MR. PANKAJ AND JAIN, DR, RITESH _98787 |
||
| 245 | _aMULTIPLE CHOICE QUESTIONS [MCQS] OF PHARMACEUTICS- I : FOR THE STUDENTS OF B. PHARMA [ 1ST, SEM] | ||
| 250 | _a1ST ED. 2024 | ||
| 260 |
_aNEW DELHI _bINNOVATIVE PUBLICATION PVT LTD _c2025 |
||
| 300 | _a220;P | ||
| 650 |
_aPHARMACY _xB.PHARMA |
||
| 942 | _cBK | ||
| 999 |
_c8964 _d8962 |
||